На родине моей повыпали снега...: Стихотворения и поэмы

التفاصيل البيبلوغرافية
المؤلف الرئيسي: Федоров В. Д. Василий Дмитриевич
مؤلفون آخرون: Решетников Л. (составитель), Зайцев Е. Ф. (иллюстратор)
اللغة:الروسية
منشور في: Новосибирск, Новосибирское кн. изд-во, 1988
الموضوعات:
التنسيق: MixedMaterials كتاب
KOHA link:https://koha.lib.tpu.ru/cgi-bin/koha/opac-detail.pl?biblionumber=123755

MARC

LEADER 00000nam0a2200000 4500
001 123755
005 20231101215826.0
020 |a RU  |b 88-48087 
035 |a (RuTPU)RU\TPU\book\133943 
090 |a 123755 
100 |a 20071023d1988 m y0rusy5003 ca 
101 0 |a rus 
102 |a RU 
105 |a a z 000gy 
200 1 |a На родине моей повыпали снега...  |e Стихотворения и поэмы  |f В. Д. Федоров  |g сост. и авт. предисл. Л. Решетников ; худож. Е. Ф. Зайцев 
210 |a Новосибирск  |c Новосибирское кн. изд-во  |d 1988 
215 |a 264 с.  |c ил.  |d 17 см 
327 1 |a Содерж.: Циклы: Марьевские звезды; Дикий мед; Третьи петухи; Назаркина гора; Как цветы на заре; Поэмы: Марьевская летопись; Далекая 
610 1 |a советская литература 
610 1 |a поэзия 
675 |a Р2  |z rus 
700 1 |a Федоров  |b В. Д.  |c русский поэт  |f 1918-1984  |g Василий Дмитриевич  |2 stltpush  |3 (RuTPU)RU\TPU\pers\14942  |9 5083 
702 1 |a Решетников  |b Л.  |4 220 
702 1 |a Зайцев  |b Е. Ф.  |4 440 
801 0 |a RU  |b RuMRKP  |c 19950417  |g psbo 
801 1 |a RU  |b 63413507  |c 20071023  |g PSBO 
801 2 |a RU  |b 63413507  |c 20071023  |g PSBO 
942 |c BK